000 01058nam a22002777a 4500
001 8263
003 FISKH
005 20251210094528.0
008 250905b cb ||||| |||| 00| 0 eng d
020 _a9780316068352
040 _aFISKH
_beng
_cFISKH
_dFISKH
050 _aPN6109 .M9
082 _a808.81
100 _aHoberman, Mary Ann
245 _aMy song is beautiful :
_bPoems & picutres in many voices /
_cBy Mary Ann Hoberman
260 _aNew York :
_bLittle, Brown and Company ,
_c1994.
300 _a31 pages :
_bcolor illustrations ;
_c28 cm .
505 _aJ
520 _aA collection of 14 simple poems which celebrate the power of childhood from the perspectives of a variety of cultures. The illustrations have been created to illustrate different techniques, such as woodcut, silk-screen, watercolour, collage and printed fabric.
521 8 _a500
_bLexile estimate
521 8 _aJ
_bRaz-Plus
650 _aMulticultural
_vFiction
700 _aHolman, Felice
_eIllustrator
942 _2ddc
_cBK
_n0
999 _c8263
_d8263